000 00791nam a2200217 a 4500
001 0688
005 20140414132144.0
008 040927s19uu xx 00 eng d
020 _a0-978-0-439-04593-2
050 _aKIT (LCER) 750.1
_bC16 1999
100 _aCanizares, Susan
245 _aIn a painting /
_cSusan Canizares, Daniel Moreton.
260 _aNew York :
_bScholastic,
_c1999.
300 _a1 v. (unp.) : ill. ; cm.
440 _aLearning center emergent readers
520 _aPaintings by such an artists as Matisse, Edward Hopper, and Gregoria O'Keeffe introduce the variety of subjects, colors, and styles that can be found in art.
650 _aPainting--Themes, motives
_xJuvenile literature.
650 _aArt appreciation.
999 _c115391
_d115391